2008 Songs - Statistics

General Stats
  • This quiz has been taken 127 times
  • The average score is 11 of 24
Answer Stats
Song Artist % Correct
Poker Face Lady Gaga
99%
Single Ladies (Put a Ring on It) Beyoncé Knowles
93%
I Kissed a Girl Katy Perry
92%
Viva La Vida Coldplay
89%
Womanizer Britney Spears
70%
Disturbia Rihanna
70%
So What P!nk
68%
Low Flo Rida feat. T-Pain
63%
Bleeding Love Leona Lewis
57%
I'm Yours Jason Mraz
53%
Whatever You Like T.I.
46%
Lollipop Mika or Lil' Wayne feat. Static Major
44%
4 Minutes (To Save the World) Madonna feat. Justin Timberlake & Timbaland
43%
Love in This Club Usher feat. Young Jeezy
40%
Mercy Duffy
32%
Touch My Body Mariah Carey
31%
That's Not My Name The Ting Tings
31%
Closer Ne-Yo
25%
Stop and Stare OneRepublic
24%
Forever Chris Brown
20%
That's What You Get Paramore
19%
When You Look Me in the Eyes Jonas Brothers
13%
Your Love Is a Lie Simple Plan
8%
In My Arms Kylie Minogue
6%
No matching quizzes found
Score Distribution
Percent of People with Each Score
Percentile by Number Answered
Your Score History
You have not taken this quiz